| 000 | 00603cam a22001931i 4500 | ||
|---|---|---|---|
| 001 | f 11000021 | ||
| 003 | DLC | ||
| 005 | 20260227111248.0 | ||
| 008 | 940325s1902 dcu 000 0 eng | ||
| 010 | _af 11000021 | ||
| 035 | _a(OCoLC)30469959 | ||
| 040 |
_aDLC _cNNC _dDLC |
||
| 042 | _apremarc | ||
| 050 | 0 | 0 |
_aQL628.N7 _bE82 |
| 100 | 1 |
_aEvermann, Barton Warren, _d1853-1932. |
|
| 245 | 1 | 0 |
_aNotes on the fishes of Lake Ontario. _bAn annotated list of the fishes known to occur in Lake Champlain and its tributary waters. |
| 260 |
_aWashington, _bGovt. print. off., _c1902. |
||
| 300 | _a209-240 p. | ||
| 999 |
_c23191 _d23191 |
||